000 00798nam a22002537a 4500
003 UA-OsUOA
001 29223
007 ta
008 20041004b un ||||| |||| 00| 0 ukr d
100 _aАлефіренко М.Ф.
090 _a81'362
_bА48
942 _cBK
040 _aUA-OsUOA
_bukr
_cUA-OsUOA
_dUA-OsUOA
245 _aПорівняльна граматика української і російської мов
_bзбірник вправ і завдань
300 _a179 с.
955 _a2
041 _aukr
080 _a81'362
020 _a5-11-000036-0
260 _aК.
_bВища школа
_c1988
044 _aUA
650 7 _a8 Мовознавство. Художня література. Літературознавство
_2UDC
999 _c315604
_d315604